| 000 | 00581nam a2200217Ia 4500 | ||
|---|---|---|---|
| 003 | GCL | ||
| 008 | 140319s9999 xx 000 0 eng d | ||
| 040 |
_aGCL / _cGCL |
||
| 082 | 0 | 4 |
_a668.64 _bW R |
| 100 | 1 | _aWILD, ALAN | |
| 245 | 1 | 0 |
_aRUSSELL'S SOIL CONDITIIONS AND PLANT GROWTH, 11TH ED. / _cWILD, ALAN |
| 260 |
_a[S.N] : _bELBS LONGMAN ، _c1988 |
||
| 300 | _a991 P | ||
| 490 |
_aENGLISH LANGUAGE BOOK SOCIETY _v0 |
||
| 650 | 0 | 4 | _aSOILS |
| 650 | 0 | 4 | _aBOTANY |
| 650 | 0 | 4 | _aAGRICULTURE |
| 650 | 0 | 4 | _aSOIL CONDITIONBRS |
| 650 | 0 | 4 | _aPLANT - GROWING MEDIA |
| 942 |
_2ddc _cBK |
||
| 999 |
_c20446 _d20446 |
||